Sea Adventure

Αποθηκεύτηκε σε:
Λεπτομέρειες βιβλιογραφικής εγγραφής
Κύριος συγγραφέας: Sims, Alam
Μορφή: Βιβλίο
Γλώσσα:Undetermined
Έκδοση: Londres, Inglaterra University of London Press 1967
Θέματα:
Ετικέτες: Προσθήκη ετικέτας
Δεν υπάρχουν, Καταχωρήστε ετικέτα πρώτοι!

MARC

LEADER 00000nam a2200000Ia 4500
008 170316s9999 xx 000 0 und d
040 |a cru BVZT 
090 |a 820 S-11s 
100 |a Sims, Alam 
245 |a Sea Adventure 
260 |a Londres, Inglaterra 
260 |b University of London Press 
260 |c 1967 
300 |a 64 páginas 
650 |a LITERATURA INGLESA 
999 |c 7068  |d 7068 
942 |c 15 D  |h 820 S-11s  |2 z